Stát a církev v zemích EU
Saved in:
| Other Authors: | |
|---|---|
| Format: | Book |
| Language: | Czech |
| Published: |
Praha
Academia
2002
|
| Subjects: | |
| Tags: |
No Tags, Be the first to tag this record!
|
MARC
| LEADER | 00000nam$a2200000$$$4500 | ||
|---|---|---|---|
| 001 | 0027281 | ||
| 005 | 20240104133010.3 | ||
| 020 | |a 80-200-0967-1 | ||
| 041 | 0 | |a cze | |
| 044 | |a CZ | ||
| 245 | 1 | 0 | |a Stát a církev v zemích EU |c Gerhard Robbers (ed.) |
| 264 | 1 | |a Praha |b Academia |c 2002 | |
| 300 | |a 367 s. | ||
| 610 | 2 | 0 | |a cirkev |
| 610 | 2 | 0 | |a štát |
| 610 | 2 | 0 | |a náboženstvo |
| 610 | 2 | 0 | |a Európska únia |
| 610 | 2 | 0 | |a porovnanie medzinárodné |
| 700 | 1 | |a Robbers, Gerhard | |